| 000 | 01014nam a2200253Ia 4500 | ||
|---|---|---|---|
| 003 | OSt | ||
| 005 | 20220923220531.0 | ||
| 006 | a|||||r|||| 00| 0 | ||
| 007 | ta | ||
| 008 | 220922b |||||||| |||| 00| 0 hin d | ||
| 024 | _a187,435 | ||
| 037 | _cTextual | ||
| 040 |
_aARTS _cARTS _bhin |
||
| 041 |
_2hin _ahin |
||
| 082 | _aWxM93, 152M6 | ||
| 100 |
_aनेमा, गोविन्द प्रसाद _9160180 |
||
| 245 | 0 | _aप्रोेंसर हेराल्ड जे लास्की राजनीतिक विचारों के का अध्ययन | |
| 246 | _aProeansar herālḍa je lāskī rājanītik vichāroan ke kā adhyayana | ||
| 260 |
_aदिल्ली _b बी0 आर0 पब्लिशिंग का0 _c1986 |
||
| 300 |
_a243 पृ. _ccm. |
||
| 650 |
_aराजनीतिक विज्ञान _9156276 |
||
| 942 |
_hWxM93, 152M6 _cTEXL _2CC |
||
| 999 |
_c340512 _d340512 |
||